100 truyện ngắn hay Việt Nam

সংরক্ষণ করুন:
গ্রন্থ-পঞ্জীর বিবরন
বিন্যাস: গ্রন্থ
ভাষা:Undetermined
প্রকাশিত: Hà Nội Hội Nhà Văn 1998
বিষয়গুলি:
ট্যাগগুলো: ট্যাগ যুক্ত করুন
কোনো ট্যাগ নেই, প্রথমজন হিসাবে ট্যাগ করুন!
Thư viện lưu trữ: Trung tâm Học liệu Trường Đại học Cần Thơ
LEADER 00448nam a2200145Ia 4500
001 CTU_25210
008 210402s9999 xx 000 0 und d
082 |a 895.922301 
082 |b Tr527vn 
245 0 |a 100 truyện ngắn hay Việt Nam 
260 |a Hà Nội 
260 |b Hội Nhà Văn 
260 |c 1998 
650 |a short stories vietnamese - 20th century - collections 
980 |a Trung tâm Học liệu Trường Đại học Cần Thơ